Loading...
| Other Science (Math) | 1 | 3 | 0 | 2 | 45 | 43 | 111.50 | 1 | 3 | 14.54 | 42.24 |
| Fine Arts - Painting and Sculpture | 1 | 3 | 0 | 0 | 45 | 47 | 105.25 | 1 | 1 | 9.68 | 20.50 |
| Literature - British | 0 | 4 | 0 | 0 | 40 | 128 | 139.75 | 0 | 0 | 2.86 | 14.14 |
| Fine Arts - Classical Music and Opera | 1 | 1 | 0 | 0 | 25 | 64 | 112.50 | 0 | 1 | 4.27 | 7.77 |
| Science - Chemistry | 0 | 2 | 0 | 2 | 20 | 107 | 126.00 | 0 | 1 | 2.40 | 8.21 |
| Literature - American | 0 | 2 | 0 | 0 | 20 | 123 | 127.00 | 0 | 0 | 1.89 | 8.85 |
| Science - Physics | 0 | 2 | 0 | 1 | 20 | 121 | 125.50 | 0 | 0 | 0.48 | 2.00 |
| Literature - World | 0 | 2 | 0 | 0 | 20 | 131 | 133.50 | 0 | 1 | 1.85 | 9.47 |
| Fine Arts - Other Arts | 0 | 2 | 0 | 0 | 20 | 81 | 96.00 | 0 | 2 | 5.24 | 13.56 |
| Philosophy | 0 | 2 | 0 | 1 | 20 | 141 | 143.50 | 0 | 0 | 0.00 | 5.64 |
| Modern World | 0 | 1 | 0 | 0 | 10 | 91 | 91.00 | 0 | 0 | 5.35 | 6.41 |
| History - World | 0 | 1 | 0 | 1 | 10 | 150 | 150.00 | 0 | 0 | 0.05 | 2.56 |
| Literature - European | 0 | 1 | 0 | 0 | 10 | 152 | 152.00 | 0 | 0 | 0.89 | 1.78 |
| Other Science (Computer Science) | 0 | 1 | 0 | 0 | 10 | 139 | 139.00 | 0 | 0 | 2.65 | 11.11 |
| Religion | 0 | 1 | 0 | 0 | 10 | 149 | 149.00 | 0 | 0 | 0.83 | 3.85 |
| Science - Biology | 0 | 1 | 2 | 0 | 0 | 127 | 127.00 | 0 | 0 | 0.40 | 4.62 |
| Social Science | 0 | 0 | 0 | 0 | 0 | 0.00 | 0 | 0 | 0.00 | 0.00 |